Who said these quotes? - Statistics

General Stats
  • This quiz has been taken 27 times
  • The average score is 4 of 15
Answer Stats
Hint Answer % Correct
Few people laughed, few people cried, most people were silent. Now I become death. J. Robert Oppenheimer
80%
The only thing we have to fear, it's fear itself. Franklin D. Roosevelt
70%
You must be the change you want to see in the world. Mahatma Gandhi
50%
The biggest disease in this day and age is that of people feeling unloved. Princess Diana
30%
The greatest glory in living lies not in never falling, but in rising every time we fall. Nelson Mandela
25%
So we beat on, boats against the current, borne back ceaselessly into the past. F. Scott Fitzgerald
20%
Success is not final, failure is not fatal: It is the courage to continue that counts. Winston Churchill
20%
Life is never fair, and perhaps it is a good thing for most of us that it is not. Oscar Wilde
15%
The way to get started is to quit talking and begin doing. Walt Disney
15%
Only a life lived for others is a life worthwhile. Albert Einstein
10%
Whether you think you can or you think you can't, you're right. Henry Ford
10%
Everything you can imagine is real. Pablo Picasso
10%
In the depth of winter, I finally learned that within me, there lay an invincible summer. Albert Camus
5%
Learning is the only thing that our minds never are tired of, never is afraid and never regrets. Leonardo Da Vinci
5%
Have no fear of perfection, you will never reach it. Salvador Dalí
5%
No matching quizzes found
Score Distribution
Percent of People with Each Score
Percentile by Number Answered
Your Score History
You have not taken this quiz